000 00955nas a2200313 4500
001 BR9607313
003 BR-BrBNA
005 20231205094937.0
007 ta
008 230509b bl.|||p| |||| 00| 00por d
040 _aBR-BrBNA
_bpor
_cBiblioteca Nacional de Agricultura
041 _a(Pt)
072 _aJ11
100 1 _aSoerensen, B.
100 1 _aBruno, M.C.
100 1 _aRepetti, E.
100 1 _aPacchini, C.E.
100 1 _aCapossoli, E.A.
100 1 _aSantos, R.V. dos
100 1 _aMarques, T.A.
100 1 _aBarros, A.R.
245 1 _aInfluencia da ingestao de alcool em ratos. Acao no desenvolvimento, reproducao, mortalidade, e seus efeitos sobre a pele e o comportamento dos animais
650 _aRato
650 _aBiologia
650 _aPraga de Produto Armazenado
773 0 _tUNIMAR Ciencias (Brazil)
_x
_g(1995), v. 4(1) p. 13-26
_wBR9607313
909 _a202311
_bLúcia
_c55
_dLúcia Elande
942 _2AGRIS
_n0
_cANA
999 _c147866
_d147866